| 000 -LEADER |
| fixed length control field |
00327nam a2200109Ia 4500 |
| 008 - FIXED-LENGTH DATA ELEMENTS--GENERAL INFORMATION |
| fixed length control field |
200302s9999 xx 000 0 und d |
| 100 ## - MAIN ENTRY--PERSONAL NAME |
| Personal name |
Anthony Speaight & Gregory Stone |
| 245 ## - TITLE STATEMENT |
| Title |
Architects Legal Handbook : The Law Of Architects --- 5Th Edition |
| 260 ## - PUBLICATION, DISTRIBUTION, ETC. |
| Name of publisher, distributor, etc. |
Butterworth & Co. Publishers Ltd |
| 260 ## - PUBLICATION, DISTRIBUTION, ETC. |
| Date of publication, distribution, etc. |
1990 |
| 300 ## - PHYSICAL DESCRIPTION |
| Extent |
323 |